000 00310nam a2200121Ia 4500
008 220204s9999 xx 000 0 und d
082 _a548.7
_bDEC
100 _aDecius, John C
245 0 _aMolecular vibrations in crystals
260 _aNew York
_bMcGraw Hill
_c1977
700 _aHexter, Robert
942 _cBK
999 _c28083
_d28083